Super ségry 5 - Tímová práca /
Lucy dostala skvelý nápad, ako pomôcť ľuďom zo susedstva a niečo si pritom aj zarobiť. Rozhodla sa podnikať a ponúknuť tak obyvateľom mestečka Happy Trails drobnú výpomoc. A to celkom sama! Svoju pomoc však sľúbila príliš veľa známym a jej plán začal zlyhávať. Podarí sa jej nakoniec pomôcť všetkým,...
Uloženo v:
| Série: | Super ségry,
část 5 |
|---|---|
| Hlavní autor: | |
| Médium: | E-kniha |
| Jazyk: | Czech |
| Vydáno: |
Praha :
Albatros Media Slovakia s.r.o.,
2026
|
| Příbuzné jednotky: | Z cyklu::
Super ségry |
| Tagy: |
Žádné tagy |
| LEADER | 01507nam a22002417i 4500 | ||
|---|---|---|---|
| 001 | 302741 | ||
| 007 | ta | ||
| 008 | 260514s2026 xr ||||| |||| 00| 0 cze d | ||
| 020 | |a 9788056651032 | ||
| 044 | |a xr | ||
| 100 | 1 | |a Richard Jacobson, Jennifer |4 aut | |
| 245 | 1 | 0 | |a Super ségry 5 - Tímová práca / |c Richard Jacobson, Jennifer |
| 240 | 1 | 0 | |a Twig and Turtle: Time for Teamwork |
| 264 | 1 | |a Praha : |b Albatros Media Slovakia s.r.o., |c 2026 | |
| 300 | |a 1 online zdroj (120 stran) | ||
| 336 | |a text |b txt |2 rdacontent | ||
| 337 | |a bez média |b n |2 rdamedia | ||
| 338 | |a online zdroj |b cr |2 rdacarrier | ||
| 520 | 2 | |a Lucy dostala skvelý nápad, ako pomôcť ľuďom zo susedstva a niečo si pritom aj zarobiť. Rozhodla sa podnikať a ponúknuť tak obyvateľom mestečka Happy Trails drobnú výpomoc. A to celkom sama! Svoju pomoc však sľúbila príliš veľa známym a jej plán začal zlyhávať. Podarí sa jej nakoniec pomôcť všetkým, ktorým to sľúbila, alebo bude musieť aj ona sama požiadať o pomoc? | |
| 787 | 0 | 8 | |g 5 |i Z cyklu: |t Super ségry |
| 910 | |a RBIT002 | ||
| 998 | |d 426999 |a https://core.palmknihy.cz/api/books/426999/cover?tesgij |b https://core.palmknihy.cz/api/books/426999/cover/400?tesgij |c https://core.palmknihy.cz/api/books/426999/cover/50?tesgij |e 2031-05-05 |g 120 |i 9788056651032 |j https://core.palmknihy.cz/api/books/426999/preview.epub |k https://core.palmknihy.cz/api/books/426999/preview.pdf |l |q 49 |r 1 |s https://www.palmknihy.cz/kniha/426999 |t ebook |y 2026 |z 1 |v Super ségry |w 5 | ||
| 999 | |d 302739 | ||